00745 2200241 4500001002100000005001500021035002000036007000300056008004100059020001900100082001400119084002000133100001800153245014100171250001000312260003300322300002300355650002000378700002700398700002900425520003800454990001100492INLIS00000000000297320190119110503 a0010-0119000325ta190119 g 1 ind  a979-333-00-2-3 a899.221 3 a899.221 3 KEY f0 aKEYES, Daniel1 aFlowers for Algernon :bCharlie, Si Jinius Dungu /cDaniel Keyes; penerjemah, Isma B. Koesalamwardi; penyunting, Dewi Kartika Teguh Wati acet.2 aJakarta :bUfuk Press,c2006 a457 hlm. ;c18 cm. aFIKSI INDONESIA0 aISMA, B. Koesalamwardi0 aDEWI, Kartika Teguh Wati aJudul asli : Flowers for Algernon a6308 a